| 000 | 00961ngm a22003370a 4500 | ||
|---|---|---|---|
| 001 | PT53734 | ||
| 003 | AR-LpoUNG | ||
| 005 | 20210201232352.0 | ||
| 007 | co ||u|||uuuuu | ||
| 008 | 191001s2010||||xxk|||||||||||||||||spa d | ||
| 020 |
_a9781408227893 _c$10 |
||
| 040 |
_aAR-LpoUNG _bspa _cAR-LpoUNG _eaacr |
||
| 041 |
_aspa _aeng |
||
| 044 | _axxk | ||
| 082 | 0 | _aR428 418dic | |
| 100 | 1 |
_aMayor, Michele _edir. |
|
| 245 | 1 | 0 |
_aLongman : _bdiccionario pocket : inglés-español español-inglés : para estudiantes latinoamericanos |
| 250 | _a2da. ed. | ||
| 260 |
_aHarlow : _bPearson, _c2010. |
||
| 300 | _ail., fot. | ||
| 650 | 4 | _aDICCIONARIOS | |
| 650 | 4 | _aLENGUA ESPAÑOLA | |
| 650 | 4 | _aLENGUA INGLESA | |
| 650 | 4 | _aMATERIAL DE REFERENCIA | |
| 651 | 4 | _aDOCUMENTOS TEORICOS O METODOLOGICOS | |
| 653 | _aDICCIONARIOS BILINGÜES | ||
| 653 | _aDICCIONARIOS DE INGLES | ||
| 700 | 1 |
_aDelacroix, Laurence _edir. |
|
| 905 | _a53734 | ||
| 942 | _cLSALA | ||
| 999 |
_c53504 _d53504 |
||